正式名称に記号を含む駅 - Statistics

General Stats
  • This quiz has been taken 101 times
  • The average score is 11 of 24
Answer Stats
記号の種類 事業者 路線 Answer % Correct
京浜急行電鉄 逗子線 逗子・葉山駅
92%
JR東日本 吾妻線 万座・鹿沢口駅
84%
京浜急行電鉄 空港線 羽田空港第1・第2ターミナル駅
80%
横浜高速鉄道 みなとみらい線 元町・中華街駅
75%
舞浜リゾートライン ディズニーリゾートライン リゾートゲートウェイ・ステーション駅
67%
泉北高速鉄道 泉北高速鉄道線 栂・美木多駅
58%
舞浜リゾートライン ディズニーリゾートライン 東京ディズニーシー・ステーション駅
57%
舞浜リゾートライン ディズニーリゾートライン 東京ディズニーランド・ステーション駅
55%
神戸市交通局 海岸線 三宮・花時計前駅
52%
多摩都市モノレール 多摩都市モノレール線 中央大学・明星大学駅
52%
舞浜リゾートライン ディズニーリゾートライン ベイサイド・ステーション駅
51%
( ) 西日本鉄道 天神大牟田線 西鉄福岡(天神)駅
40%
京福電鉄 北野線 等持院・立命館大学衣笠キャンパス前駅
39%
名古屋鉄道 犬山線 徳重・名古屋芸大駅
36%
阪神電鉄 本線 鳴尾・武庫川女子大前駅
36%
多摩都市モノレール 多摩都市モノレール線 大塚・帝京大学駅
34%
神戸市交通局 海岸線 旧居留地・大丸前駅
33%
愛知高速交通 東部丘陵線(リニモ) 愛・地球博記念公園駅
33%
名古屋鉄道 瀬戸線 大森・金城学院前駅
31%
アルピコ交通 上高地線 北新・松本大学前駅
28%
三陸鉄道 リアス線 八木沢・宮古短大駅
17%
叡山電鉄 叡山本線 茶山・京都芸術大学駅
16%
( ) 富山地方鉄道 富山港線 粟島(大阪屋ショップ前)駅
8%
( ) 富山地方鉄道 富山港線 蓮町(馬場記念公園前)駅
5%
No matching quizzes found
Score Distribution
Percent of People with Each Score
Percentile by Number Answered
Your Score History
You have not taken this quiz